Lyžařství. Roč. 78., č. 1-6, 1992

Bibliographic Details
Format: Book
Language:Undetermined
Published: Praha Československý svaz lyžařů 1992

MARC

LEADER 00000nam a2200000 a 4500
001 vtls001379910
003 SK-MaSNL
005 20260224023105.0
008 991222s1992 xx 0 und
035 |a SNK000333889 
040 |a SNK  |b slo  |c SNK  |e AACR2 
245 1 |a Lyžařství. Roč. 78., č. 1-6, 1992 
260 |a Praha  |b Československý svaz lyžařů  |c 1992 
999 |c 809117  |d 811047 
952 |t P60, <06>, [BOOK], {606}  |a SNK  |b SNK  |y PREZ  |7 0  |p 17A0221442  |o snkČC 528/78/1992  |0 0  |1 1  |4 0  |d 1999-12-22  |l 0  |r 2005-01-02 00:00:00  |w 2026-02-24